000 01165nam a22003737a 4500
001 BR0602515
003 BR-BrBNA
005 20230928102152.0
007 ta
008 230509b bl.||||| |||| 00| 0 por d
040 _aBR-BrBNA
_bpor
_cBiblioteca Nacional de Agricultura
041 _a(Por)
072 _aE50; T01
090 _ E50 BR0602515
100 1 _aRezende, H.H.C. de
110 1 _aUniversidade Federal de Minas Gerais, Belo Horizonte (Brasil). Escola de Veterinária
_0Tese (Mestre em Medicna Veterinária)
245 1 _aPerfil sócio-econômico dos carroceiros de Belo Horizonte entre 1998 e 2003
260 3 _aBelo Horizonte, MG (Brasil):
_c2004.
300 _a71 p.
500 _aSummaries (Eng, Por); 23 ref.; 50 tables; 10 illus.
650 _aTRANSPORTE
650 _aTRABALHO
650 _aSOCIOLOGIA ECONÔMICA
650 _aPESQUISA SOCIAL
650 _aPOLUIÇÃO AMBIENTAL
650 _aZONA URBANA
650 _aEDUCAÇÃO AMBIENTAL
650 _aRESÍDUO SÓLIDO
650 _aELIMINAÇÃO DE RESÍDUO
650 _aRECICLAGEM
650 _aMINAS GERAIS
909 _a202309
_bLucia
_c55
_dLucia Elande
942 _cBK
999 _c69472
_d69472